Catálogo - Centro de Recursos para el Aprendizaje y la Investigación
Volver al Sitio - CRAI Biblioteca| 000 -CABECERA | |
|---|---|
| campo de control de longitud fija | 01782nam a2200337 4500 |
| 001 - NÚMERO DE CONTROL | |
| campo de control | 114283 |
| 003 - IDENTIFICADOR DEL NÚMERO DE CONTROL | |
| campo de control | DR-UNIBE |
| 005 - FECHA Y HORA DE LA ÚLTIMA TRANSACCIÓN | |
| campo de control | 20260120062554.0 |
| 008 - DATOS DE LONGITUD FIJA--INFORMACIÓN GENERAL | |
| campo de control de longitud fija | 251204b2025 dr ||||| |||| 00| 1 spa d |
| 020 ## - NÚMERO INTERNACIONAL ESTÁNDAR DEL LIBRO | |
| Número Internacional Estándar del Libro | 9789945510911 |
| 040 ## - FUENTE DE LA CATALOGACIÓN | |
| Centro catalogador/agencia de origen | BIBLIOTECA UNIBE |
| Lengua de catalogación | spa |
| Centro/agencia transcriptor | BIBLIOTECA UNIBE |
| Normas de descripción | rda |
| 041 ## - CÓDIGO DE LENGUA | |
| Código de lengua del texto/banda sonora o título independiente | spa |
| 090 ## - LOCALMENTE ASIGNADO TIPO-LC NÚMERO DE CLASIFICACIÓN (OCLC); NÚMERO DE CLASIFICACIÓN LOCAL (RLIN) | |
| Número de clasificación (OCLC) (R) ; Numero de clasificación, CALL (RLIN) (NR) | FBIU-EN NI-SA235L 2025 |
| 100 10 - ENTRADA PRINCIPAL--NOMBRE DE PERSONA | |
| Nombre de persona | Santis, Géraldine de, |
| Fechas asociadas al nombre | 1980- |
| 9 (RLIN) | 53457 |
| Término indicativo de función/relación | autor |
| 245 13 - MENCIÓN DE TÍTULO | |
| Título | La temible banda de los atracadores de sueños / |
| Mención de responsabilidad, etc. | Geraldin de Santis ; coordinación editorial: Clara Dobarro ; edición : María del Carmen Vicente, Clara Dobarro ; diseño de cubierta: Elizabeth López Rosario ; diagramación y arte final: Amado Santana ; ilustraciones de interior y cubierta: Wi-Hen Fung ; foto de solapa: Onasis Paulino ; presentación : Dulce Elvira de los Santos |
| 250 ## - MENCIÓN DE EDICIÓN | |
| Mención de edición | Segunda edición |
| 260 ## - PUBLICACIÓN, DISTRIBUCIÓN, ETC. | |
| Lugar de publicación, distribución, etc. | Santo Domingo : |
| Nombre del editor, distribuidor, etc. | Editora Nacional, |
| Fecha de publicación, distribución, etc. | 2025 |
| 300 ## - DESCRIPCIÓN FÍSICA | |
| Extensión | 186 páginas : |
| Otras características físicas | ilustraciones en b/n ; |
| Dimensiones | 20 x 12 cm |
| 504 ## - NOTA DE BIBLIOGRAFÍA, ETC. | |
| Nota de bibliografía, etc. | Premio Anual de Literatura Infantil y Juvenil "Aurora Tavárez Belliard" 2023. Incluye datos del autor en las solapas |
| 653 #7 - TÉRMINO DE INDIZACIÓN--NO CONTROLADO | |
| Término no controlado | Novela infantil dominicana |
| 653 #7 - TÉRMINO DE INDIZACIÓN--NO CONTROLADO | |
| Término no controlado | Literatura infantil dominicana |
| 653 #7 - TÉRMINO DE INDIZACIÓN--NO CONTROLADO | |
| Término no controlado | Espionaje - Novela infantil dominicana |
| 700 ## - PUNTO DE ACCESO ADICIONAL--NOMBRE DE PERSONA | |
| Nombre de persona | Dobarro, Clara |
| 9 (RLIN) | 142384 |
| Término indicativo de función/relación | coordinador editorial |
| -- | editor |
| 700 ## - PUNTO DE ACCESO ADICIONAL--NOMBRE DE PERSONA | |
| Nombre de persona | Vicente, María del Carmen |
| 9 (RLIN) | 142383 |
| Término indicativo de función/relación | editor |
| 700 ## - PUNTO DE ACCESO ADICIONAL--NOMBRE DE PERSONA | |
| Nombre de persona | López Rosario, Elizabeth |
| 9 (RLIN) | 191723 |
| Término indicativo de función/relación | diseñador de cubierta |
| 700 ## - PUNTO DE ACCESO ADICIONAL--NOMBRE DE PERSONA | |
| Nombre de persona | Santana, Amado, |
| Forma completa/desarrollada del nombre | (Santana Chalas, Amado Alexis) |
| Término indicativo de función/relación | diagramador |
| -- | arte final |
| 9 (RLIN) | 47845 |
| 700 ## - PUNTO DE ACCESO ADICIONAL--NOMBRE DE PERSONA | |
| Nombre de persona | Fung, Wi-Hen |
| 9 (RLIN) | 126967 |
| Término indicativo de función/relación | ilustrador |
| 700 ## - PUNTO DE ACCESO ADICIONAL--NOMBRE DE PERSONA | |
| Nombre de persona | Paulino, Onasis |
| 9 (RLIN) | 201302 |
| Término indicativo de función/relación | fotógrafo del autor |
| 700 ## - PUNTO DE ACCESO ADICIONAL--NOMBRE DE PERSONA | |
| Nombre de persona | Santos, Dulce Elvira de los, |
| Fechas asociadas al nombre | 1964- |
| Forma completa/desarrollada del nombre | (Santos Mata, Dulce Elvira de los) |
| 9 (RLIN) | 60846 |
| Término indicativo de función/relación | presentación |
| 942 ## - ELEMENTOS DE PUNTO DE ACCESO ADICIONAL (KOHA) | |
| Fuente del sistema de clasificación o colocación | Sistema de Clasificación Decimal Dewey |
| Tipo de ítem Koha | Libro (general) |
| Estado de retiro | Estado de pérdida | Fuente del sistema de clasificación o colocación | No para préstamo | Código de colección | Localización permanente | Fecha de adquisición | Total de préstamos | Signatura topográfica completa | Código de barras | Fecha visto por última vez | Número de copia | Precio válido a partir de | Tipo de ítem Koha |
|---|---|---|---|---|---|---|---|---|---|---|---|---|---|
| Disponible | Sistema de Clasificación Decimal Dewey | No se presta | Fondo Bibliográfico IBBY-UNIBE | Biblioteca Central UNIBE | 11/10/2025 | FBIU-EN NI-SA235L 2025 | FBIU0924 | 04/12/2025 | Ej.1 | 04/12/2025 | Libro (reserva) |